<?xml version="1.0" encoding="UTF-8"?>
<record
    xmlns:xsi="http://www.w3.org/2001/XMLSchema-instance"
    xsi:schemaLocation="http://www.loc.gov/MARC21/slim http://www.loc.gov/standards/marcxml/schema/MARC21slim.xsd"
    xmlns="http://www.loc.gov/MARC21/slim">

  <leader>03345cam a2200469 i 4500</leader>
  <controlfield tag="001">C005802</controlfield>
  <controlfield tag="003">OSt</controlfield>
  <controlfield tag="005">20250903020008.0</controlfield>
  <controlfield tag="007">ta                    </controlfield>
  <controlfield tag="008">200323s2020    quc||||       000|f fre  </controlfield>
  <controlfield tag="009">4</controlfield>
  <datafield tag="020" ind1=" " ind2=" ">
    <subfield code="a">9782896577439</subfield>
    <subfield code="q">(broch&#xE9;)</subfield>
  </datafield>
  <datafield tag="024" ind1="3" ind2=" ">
    <subfield code="a">9782896577439</subfield>
  </datafield>
  <datafield tag="035" ind1=" " ind2=" ">
    <subfield code="a">(SDM)C005802</subfield>
  </datafield>
  <datafield tag="040" ind1=" " ind2=" ">
    <subfield code="a">SDM</subfield>
    <subfield code="b">fre</subfield>
    <subfield code="e">rda</subfield>
    <subfield code="d">SQTD</subfield>
    <subfield code="c">CDM</subfield>
  </datafield>
  <datafield tag="082" ind1=" " ind2=" ">
    <subfield code="a">ISA</subfield>
    <subfield code="2">23</subfield>
  </datafield>
  <datafield tag="100" ind1="1" ind2=" ">
    <subfield code="a">Isabelle, Patrick,</subfield>
    <subfield code="d">1980-</subfield>
    <subfield code="e">auteur.</subfield>
    <subfield code="9">58772ad</subfield>
    <subfield code="8">752363ad</subfield>
  </datafield>
  <datafield tag="245" ind1="1" ind2="0">
    <subfield code="a">Outre-tombe /</subfield>
    <subfield code="c">Patrick Isabelle.</subfield>
  </datafield>
  <datafield tag="300" ind1=" " ind2=" ">
    <subfield code="a">396 pages :</subfield>
    <subfield code="b">illustrations, carte ;</subfield>
    <subfield code="c">22 cm.</subfield>
  </datafield>
  <datafield tag="490" ind1="1" ind2=" ">
    <subfield code="a">Anna Caritas ;</subfield>
    <subfield code="v">[3]</subfield>
  </datafield>
  <datafield tag="520" ind1="8" ind2=" ">
    <subfield code="a">William habite &#xE0; Saint-Hector, un village connu pour le prestigieux coll&#xE8;ge Anna Caritas, qui fait la fiert&#xE9; des villageois. Apr&#xE8;s s'&#xEA;tre laiss&#xE9; convaincre de participer &#xE0; une s&#xE9;ance de spiritisme, impliquant une planche Ouija, afin d'en savoir plus sur le retour de Marianne Roberts, un d&#xE9;mon a rapidement pris possession de Sabrina. En v&#xE9;rit&#xE9;, le savoir occulte de Marianne fut le seul moyen de mettre un terme au malheur de la jeune fille. Dans ce troisi&#xE8;me tome, suite &#xE0; une messe noire horrifiante o&#xF9; il a failli &#xEA;tre sacrifi&#xE9; au diable, William est intern&#xE9; pendant deux semaines &#xE0; l'institut Ferney, un centre de d&#xE9;tention psychiatrique. Lorsque Christian Boivin, son avocat, vient le chercher, l'hiver s'est d&#xE9;j&#xE0; bien install&#xE9; sur Saint-Hector et si l'adolescent est soulag&#xE9; de ne plus devoir fr&#xE9;quenter Anna Caritas, la menace des Damn&#xE9;s semble malheureusement le suivre jusqu'&#xE0; sa nouvelle polyvalente. De plus, en se liant &#xE0; la belle et myst&#xE9;rieuse Ji-Soo ainsi qu'aux amis de cette derni&#xE8;re, il se retrouvera de nouveau au milieu de jeux occultes bien dangereux. [SDM]</subfield>
  </datafield>
  <datafield tag="520" ind1="1" ind2=" ">
    <subfield code="a">La s&#xE9;rie repose sur un canevas f&#xE9;cond et elle continue de se d&#xE9;velopper avec style et intelligence. Le lecteur est plac&#xE9; du point de vue d'un adolescent auquel il est facile de s'identifier, car le gar&#xE7;on est &#xE0; la fois: curieux, capable et astucieux. Le roman ne nous plonge pas dans des &#xE9;v&#xE8;nements sordides, bien que certaines sc&#xE8;nes puissent impressionner les plus sensibles. L'aspect occulte et le suspense li&#xE9; &#xE0; la sorcellerie et au diable tendent &#xE0; l'emporter sur l'horreur. [SDM]</subfield>
  </datafield>
  <datafield tag="521" ind1=" " ind2=" ">
    <subfield code="a">J 5.</subfield>
  </datafield>
  <datafield tag="590" ind1=" " ind2=" ">
    <subfield code="a">J</subfield>
  </datafield>
  <datafield tag="650" ind1=" " ind2="6">
    <subfield code="a">D&#xE9;mon</subfield>
    <subfield code="v">Romans, nouvelles, etc. pour la jeunesse.</subfield>
  </datafield>
  <datafield tag="650" ind1=" " ind2="6">
    <subfield code="a">Amiti&#xE9;</subfield>
    <subfield code="v">Romans, nouvelles, etc. pour la jeunesse.</subfield>
  </datafield>
  <datafield tag="650" ind1=" " ind2="6">
    <subfield code="a">Coll&#xE8;ges priv&#xE9;s</subfield>
    <subfield code="v">Romans, nouvelles, etc. pour la jeunesse.</subfield>
  </datafield>
  <datafield tag="650" ind1=" " ind2="6">
    <subfield code="a">&#xC9;l&#xE8;ves</subfield>
    <subfield code="x">Expulsion</subfield>
    <subfield code="v">Romans, nouvelles, etc. pour la jeunesse.</subfield>
  </datafield>
  <datafield tag="650" ind1=" " ind2="6">
    <subfield code="a">&#xC9;coles secondaires</subfield>
    <subfield code="v">Romans, nouvelles, etc. pour la jeunesse.</subfield>
  </datafield>
  <datafield tag="650" ind1=" " ind2="6">
    <subfield code="a">Villages</subfield>
    <subfield code="v">Romans, nouvelles, etc. pour la jeunesse.</subfield>
  </datafield>
  <datafield tag="650" ind1=" " ind2="7">
    <subfield code="a">Occultisme</subfield>
    <subfield code="v">Romans</subfield>
    <subfield code="2">vmj</subfield>
    <subfield code="9">434308a,434221v</subfield>
    <subfield code="8">434308a,434221v</subfield>
  </datafield>
  <datafield tag="650" ind1=" " ind2="7">
    <subfield code="a">D&#xE9;mons</subfield>
    <subfield code="v">Romans</subfield>
    <subfield code="2">vmj</subfield>
    <subfield code="9">435610a,434221v</subfield>
    <subfield code="8">435610a,434221v</subfield>
  </datafield>
  <datafield tag="650" ind1=" " ind2="7">
    <subfield code="a">Amiti&#xE9;</subfield>
    <subfield code="v">Romans</subfield>
    <subfield code="2">vmj</subfield>
    <subfield code="9">435477a,434221v</subfield>
    <subfield code="8">435477a,434221v</subfield>
  </datafield>
  <datafield tag="650" ind1=" " ind2="7">
    <subfield code="a">&#xC9;coles secondaires</subfield>
    <subfield code="v">Romans</subfield>
    <subfield code="2">vmj</subfield>
    <subfield code="9">435438a,434221v</subfield>
    <subfield code="8">435438a,434221v</subfield>
  </datafield>
  <datafield tag="650" ind1=" " ind2="7">
    <subfield code="a">Villages</subfield>
    <subfield code="v">Romans</subfield>
    <subfield code="2">vmj</subfield>
    <subfield code="9">435480a,434221v</subfield>
    <subfield code="8">435480a,434221v</subfield>
  </datafield>
  <datafield tag="655" ind1=" " ind2="7">
    <subfield code="a">Romans d'horreur.</subfield>
    <subfield code="2">rvmgf</subfield>
  </datafield>
  <datafield tag="655" ind1=" " ind2="7">
    <subfield code="a">Romans occultes.</subfield>
    <subfield code="2">rvmgf</subfield>
  </datafield>
  <datafield tag="655" ind1=" " ind2="7">
    <subfield code="a">Romans d'horreur</subfield>
    <subfield code="2">vmj</subfield>
    <subfield code="9">459863a</subfield>
    <subfield code="8">459863a</subfield>
  </datafield>
  <datafield tag="800" ind1="1" ind2=" ">
    <subfield code="a">Isabelle, Patrick,</subfield>
    <subfield code="d">1980-</subfield>
    <subfield code="t">Anna Caritas ;</subfield>
    <subfield code="v">3.</subfield>
    <subfield code="9">1186321adt</subfield>
  </datafield>
  <datafield tag="908" ind1=" " ind2=" ">
    <subfield code="a">SDM</subfield>
  </datafield>
  <datafield tag="942" ind1=" " ind2=" ">
    <subfield code="2">ddc</subfield>
    <subfield code="c">BK</subfield>
    <subfield code="0">7</subfield>
  </datafield>
  <datafield tag="999" ind1=" " ind2=" ">
    <subfield code="c">38090</subfield>
    <subfield code="d">38090</subfield>
  </datafield>
  <datafield tag="952" ind1=" " ind2=" ">
    <subfield code="0">0</subfield>
    <subfield code="1">0</subfield>
    <subfield code="2">ddc</subfield>
    <subfield code="4">0</subfield>
    <subfield code="7">0</subfield>
    <subfield code="a">MAIN</subfield>
    <subfield code="b">MAIN</subfield>
    <subfield code="d">2020-10-20</subfield>
    <subfield code="l">6</subfield>
    <subfield code="o">ISA</subfield>
    <subfield code="p">0000198514</subfield>
    <subfield code="r">2025-09-19 14:39:15</subfield>
    <subfield code="s">2025-09-02</subfield>
    <subfield code="w">2020-10-20</subfield>
    <subfield code="y">BK</subfield>
  </datafield>
  <datafield tag="952" ind1=" " ind2=" ">
    <subfield code="0">0</subfield>
    <subfield code="1">0</subfield>
    <subfield code="2">ddc</subfield>
    <subfield code="4">0</subfield>
    <subfield code="7">0</subfield>
    <subfield code="a">MAIN</subfield>
    <subfield code="b">MAIN</subfield>
    <subfield code="d">2021-11-22</subfield>
    <subfield code="l">4</subfield>
    <subfield code="o">ISA</subfield>
    <subfield code="p">202471</subfield>
    <subfield code="r">2025-05-13 11:09:32</subfield>
    <subfield code="s">2025-04-04</subfield>
    <subfield code="w">2021-11-22</subfield>
    <subfield code="y">BK</subfield>
  </datafield>
</record>
